| 000 | 00686nam a2200241 a 4500 | ||
|---|---|---|---|
| 005 | 20140310183541.0 | ||
| 008 | 111018s19uu xx 00 eng d | ||
| 010 | _a2010036088 | ||
| 020 | _a9781856697200 | ||
| 050 |
_aPN 1994 _b.P663 2011 |
||
| 100 | _aPramaggiore, Maria, 1960- | ||
| 245 |
_aFilm : _ba critical introduction / _cMaria Pramaggiore, Tom Wallis. |
||
| 250 | _a3rd ed. | ||
| 260 |
_aLondon, UK : _bLaurence King Publishing, _c2011. |
||
| 300 |
_axi, 468 p. : _bcol. ill. ; _c26 cm. |
||
| 521 | _aMA | ||
| 650 | _aMotion pictures | ||
| 650 | _aCinematography | ||
| 650 | _aFilm criticism | ||
| 700 | _aWallis, Tom | ||
| 942 |
_cBK _2lcc _kFOR |
||
| 999 |
_c24796 _d24796 |
||